The built environment and public health (Record no. 113238)

MARC details
000 -LEADER
fixed length control field 02162cad a22002535a 4500
001 - CONTROL NUMBER
control field L154924
008 - FIXED-LENGTH DATA ELEMENTS--GENERAL INFORMATION
fixed length control field 120201s2011 xxk f 000 0 eng d
020 ## - INTERNATIONAL STANDARD BOOK NUMBER
International Standard Book Number 9781118122105
035 ## - SYSTEM CONTROL NUMBER
System control number (Sirsi) u154924
041 0# - LANGUAGE CODE
Language code of text/sound track or separate title eng
100 1# - MAIN ENTRY--PERSONAL NAME
Personal name Lopez, Russell P.
245 04 - TITLE STATEMENT
Title The built environment and public health
Medium [electronic resource]
260 ## - PUBLICATION, DISTRIBUTION, ETC.
Name of publisher, distributor, etc. Jossey Bass Ltd
Date of publication, distribution, etc. 2011
300 ## - PHYSICAL DESCRIPTION
Extent eBook
505 2# - FORMATTED CONTENTS NOTE
Formatted contents note Part One Background and History -- 1 Introduction to the Built Environment and Health -- 2 History -- Part Two Community Design -- 3 Planning and Urban Design -- 4 Transportation Policies -- 5 Healthy Housing and Housing Assistance Programs -- 6 Infrastructure and Natural Disasters -- Part Three Environmental Media -- 7 Indoor and Outdoor Air Quality -- 8 Water -- 9 Food, Nutrition, and Food Security -- Part Four Population Health -- 10 Vulnerable Populations -- 11 Mental Health, Stressors, and Health Care Environments -- 12 Social Capital -- 13 Environmental Justice -- Part Five Tools and Applications -- 14 Assessment Tools and Data Sources -- 15 Health Policy and Programs -- 16 Sustainability
520 ## - SUMMARY, ETC.
Summary, etc. This text combines an examination of how the physical environment affects our health with a description of how public health and urban planning can work together to create environments that improve human health and well-being. The author covers a wealth of topics including foundations, the joint history of public health and urban planning, transportation and land use, infrastructure and natural disasters, assessment tools, indoor air quality, water quality, food security, health disparities, mental health, social capital, and environmental justice. The Built Environment and Public Health is written for students and professionals involved in public health, urban planning, transportation, architecture, and the environment.
590 ## - LOCAL NOTE (RLIN)
Local note KA
650 24 - SUBJECT ADDED ENTRY--TOPICAL TERM
Topical term or geographic name entry element EBOOK
651 #4 - SUBJECT ADDED ENTRY--GEOGRAPHIC NAME
Geographic name United States 1959-
690 ## - LOCAL SUBJECT ADDED ENTRY--TOPICAL TERM (OCLC, RLIN)
Topical term or geographic name as entry element Health and safety
9 (RLIN) 6244
690 ## - LOCAL SUBJECT ADDED ENTRY--TOPICAL TERM (OCLC, RLIN)
Topical term or geographic name as entry element Planning and development
9 (RLIN) 6259
856 40 - ELECTRONIC LOCATION AND ACCESS
Uniform Resource Identifier <a href="https://www.vlebooks.com/">https://www.vlebooks.com/</a>
Public note View on VLEbooks. Logins for members only from [email protected]
942 ## - ADDED ENTRY ELEMENTS (KOHA)
Suppress in OPAC 0
Holdings
Withdrawn status Lost status Source of classification or shelving scheme Damaged status Not for loan Home library Current library Shelving location Date acquired Total Checkouts Full call number Barcode Date last seen Copy number Price effective from Koha item type
    Dewey Decimal Classification     Virtual Virtual Online 01/02/2012   EBOOK 154924-1001 06/08/2019 1 06/08/2019 Book